000 01161cab a22002055a 4500
001 L156123
008 120501e2012 xxk 000 0 eng d
035 _a(Sirsi) u156123
041 0 _aeng
100 1 _aPhillips, Mike
245 0 0 _aHold on to your hats
_bconfidence in property is rising
260 _c2012
490 0 _aProperty Week
_v78(17) 27 April 2012, 20-21(2)
520 _aConfidence in commercial property is rising but levels of confidence are still below 2011 according to the latest Lloyds Bank Wholesale Banking and Markets Commercial Property Confidence Monitor. Sentiment rose across all sectors and regions for the prospects of commercial property over the next three to six months. Large scale businesses are most likely to grow their investment portfolio. Eurozone remains a concern. The UK regions showed a rare improvement and smaller firms are leading an improvement in expectations. Stark difference between the most favoured sector residential lettings and the least favoured retail.
590 _aKA
651 4 _aUnited Kingdom
690 _aCommercial property
_96227
690 _aResidential property
_96266
942 _n0
999 _c83953
_d83953